[Event "IECC CL7-2006.05 email"]
[Site "IECC email"]
[Date "2006.03.21"]
[Round "?"]
[White "Simmons, Ernest"]
[Black "Adams, Kris"]
[Result "0-1"]
[WhiteElo "1005"]
[BlackElo "1207"]
[PlyCount "58"]
[EventDate "2006.??.??"]
[EventType "tourn (corr)"]
[EventRounds "4"]
[SourceTitle "Corr 2020"]
[Source "ChessBase"]
[SourceDate "2019.09.30"]
[SourceVersion "1"]
[SourceVersionDate "2019.09.30"]
[SourceQuality "1"]
[WhiteTeam "United States"]
[BlackTeam "United States"]
[WhiteTeamCountry "USA"]
[BlackTeamCountry "USA"]

1. e4 e5 2. Nf3 d6 3. h3 Nf6 4. Nc3 Be7 5. d4 exd4 6. Nxd4 0-0 7. Bd3 c5 8. Nf3 Nc6 9. 0-0 a6 10. Re1 h6 11. Be3 Be6 12. a3 Re8 13. Bf4 c4 14. Bf1 d5 15. exd5 Nxd5 16. Bd2 Bf6 17. Rb1 Nxc3 18. bxc3 b5 19. Re3 Qd5 20. Be1 Ne7 21. Qxd5 Nxd5 22. Re2 Bf5 23. Nd4 Bxd4 24. cxd4 Rxe2 25. Bxe2 Re8 26. Bf3 Bxc2 27. Rc1 Be4 28. Bxe4 Rxe4 29. Rd1 c3 0-1

[Event "IECC CL6-2004.06 email"]
[Site "IECC email"]
[Date "2004.03.12"]
[Round "?"]
[White "Pedersen, Jan"]
[Black "Adams, Kris"]
[Result "1-0"]
[WhiteElo "1353"]
[BlackElo "1197"]
[PlyCount "35"]
[EventDate "2004.??.??"]
[EventType "tourn (corr)"]
[EventRounds "4"]
[SourceTitle "Corr 2008"]
[Source "ChessBase"]
[SourceDate "2008.06.24"]
[SourceVersion "1"]
[SourceVersionDate "2008.06.24"]
[SourceQuality "1"]

1. e4 c5 2. Nf3 Nc6 3. d4 d6 4. d5 Ne5 5. Nxe5 dxe5 6. Qh5 g6 7. Qxe5 f6 8. Qg3 e5 9. dxe6 Bxe6 10. Bb5+ Bd7 11. Bxd7+ Qxd7 12. 0-0 0-0-0 13. Nc3 f5 14. Bg5 Be7 15. Rad1 Qc7 16. Rxd8+ Bxd8 17. Qxc7+ Kxc7 18. Nb5+ 1-0

[Event "IECC TH-M email"]
[Site "IECC email"]
[Date "2003.08.08"]
[Round "?"]
[White "Picchiottino, Jean Pierre"]
[Black "Adams, Kris"]
[Result "1-0"]
[WhiteElo "1314"]
[BlackElo "1245"]
[PlyCount "45"]
[EventDate "2003.??.??"]
[EventType "match (corr)"]
[EventRounds "2"]
[SourceTitle "Corr 2008"]
[Source "ChessBase"]
[SourceDate "2008.06.24"]
[SourceVersion "1"]
[SourceVersionDate "2008.06.24"]
[SourceQuality "1"]

1. e4 e5 2. Nf3 Nc6 3. Bb5 a6 4. Ba4 Nf6 5. 0-0 Be7 6. Re1 b5 7. Bb3 0-0 8. c3 d5 9. exd5 Nxd5 10. Nxe5 Nxe5 11. Rxe5 c6 12. Re1 Nf6 13. d4 Bg4 14. f3 Bf5 15. Bf4 Nh5 16. Be5 Bf6 17. Nd2 Be6 18. Bxe6 Bxe5 19. Bg4 Nf4 20. Rxe5 Qd6 21. Qc2 Qh6 22. Rae1 Ng6 23. Rh5 1-0

[Event "IECC CL6-2003.16 email"]
[Site "IECC email"]
[Date "2003.07.14"]
[Round "?"]
[White "Popp, Tony"]
[Black "Adams, Kris"]
[Result "1-0"]
[WhiteElo "1263"]
[BlackElo "1316"]
[PlyCount "23"]
[EventDate "2003.??.??"]
[EventType "tourn (corr)"]
[EventRounds "4"]
[SourceTitle "Corr 2008"]
[Source "ChessBase"]
[SourceDate "2008.06.24"]
[SourceVersion "1"]
[SourceVersionDate "2008.06.24"]
[SourceQuality "1"]

1. f4 d5 2. b3 Nc6 3. Bb2 Qd6 4. e3 e5 5. fxe5 Nxe5 6. Nf3 f6 7. Nxe5 fxe5 8. Qh5+ g6 9. Qxe5+ Be7 10. Qxh8 Bf6 11. Bxf6 Qxf6 12. Qxg8+ 1-0

[Event "IECC CL6-2003.08 email"]
[Site "IECC email"]
[Date "2003.04.02"]
[Round "?"]
[White "Adams, Kris"]
[Black "Jensen, Jeff"]
[Result "0-1"]
[WhiteElo "1342"]
[BlackElo "1455"]
[PlyCount "32"]
[EventDate "2003.??.??"]
[EventType "tourn (corr)"]
[EventRounds "4"]
[SourceTitle "Corr 2008"]
[Source "ChessBase"]
[SourceDate "2008.06.24"]
[SourceVersion "1"]
[SourceVersionDate "2008.06.24"]
[SourceQuality "1"]

1. e4 c6 2. d4 d5 3. Nc3 dxe4 4. Nxe4 Bf5 5. Bd3 Bxe4 6. Bxe4 Nf6 7. f3 e6 8. c3 Nxe4 9. fxe4 Qh4+ 10. g3 Qxe4+ 11. Qe2 Qxh1 12. Qf2 Nd7 13. Bg5 Qe4+ 14. Qe3 Qxe3+ 15. Bxe3 c5 16. b4 cxb4 0-1

[Event "IECC CL5-2002.17"]
[Site "IECC email"]
[Date "2002.08.20"]
[Round "?"]
[White "Adams, Kris"]
[Black "Harrell, Bruce B"]
[Result "0-1"]
[WhiteElo "1471"]
[BlackElo "1507"]
[PlyCount "30"]
[EventDate "2002.??.??"]
[EventType "tourn (corr)"]
[EventRounds "4"]
[SourceTitle "Corr 2008"]
[Source "ChessBase"]
[SourceDate "2008.06.24"]
[SourceVersion "1"]
[SourceVersionDate "2008.06.24"]
[SourceQuality "1"]

1. e4 e5 2. d3 h6 3. Nf3 Nc6 4. d4 exd4 5. Nxd4 Bb4+ 6. c3 Ba5 7. b4 Bb6 8. Nxc6 bxc6 9. Bf4 Nf6 10. Be3 Bxe3 11. fxe3 Nxe4 12. Qf3 d5 13. Qg4 Bxg4 14. h3 Qh4+ 15. g3 Qxg3# 0-1

[Event "IECC O email"]
[Site "IECC email"]
[Date "2002.05.08"]
[Round "?"]
[White "Adams, Kris"]
[Black "Markson, Aldan"]
[Result "0-1"]
[WhiteElo "1555"]
[BlackElo "1630"]
[PlyCount "38"]
[EventDate "2002.??.??"]
[EventType "tourn (corr)"]
[EventRounds "6"]
[SourceTitle "Corr 2008"]
[Source "ChessBase"]
[SourceDate "2008.06.24"]
[SourceVersion "1"]
[SourceVersionDate "2008.06.24"]
[SourceQuality "1"]

1. e4 e5 2. Bc4 Bc5 3. Qf3 Nf6 4. Ne2 d6 5. c3 Nc6 6. Qg3 Qe7 7. d3 Be6 8. Bxe6 Qxe6 9. Qxg7 Rg8 10. Qh6 Bxf2+ 11. Kd1 Rg6 12. Qd2 Qg4 13. h3 Qxg2 14. Re1 Bxe1 15. Qxe1 Qxh3 16. d4 Nxe4 17. dxe5 dxe5 18. b3 Rf6 19. Ba3 Rf1 0-1

[Event "IECC M email"]
[Site "IECC email"]
[Date "2002.05.02"]
[Round "?"]
[White "Zamora, Sammy"]
[Black "Adams, Kris"]
[Result "1-0"]
[WhiteElo "1844"]
[BlackElo "1512"]
[PlyCount "43"]
[EventDate "2002.??.??"]
[EventType "tourn (corr)"]
[EventRounds "6"]
[SourceTitle "Corr 2008"]
[Source "ChessBase"]
[SourceDate "2008.06.24"]
[SourceVersion "1"]
[SourceVersionDate "2008.06.24"]
[SourceQuality "1"]

1. d4 d5 2. c4 Nc6 3. Nf3 e5 4. dxe5 Bb4+ 5. Bd2 dxc4 6. Nc3 Bf5 7. e4 Bg4 8. Bxc4 Qd7 9. Bf4 Qxd1+ 10. Rxd1 Nge7 11. Bg3 0-0 12. h3 Bxf3 13. gxf3 Rfd8 14. e6 fxe6 15. Bxe6+ Kf8 16. Bxc7 Rd4 17. 0-0 Bc5 18. a3 Rc4 19. Bxc4 Rc8 20. Rd7 a6 21. Rfd1 Ng6 22. Rf7+ 1-0